00326nam a22001217a 4500020000800000040001600008082001700024100002000041245005400061250001200115260003800127300003900165 qPB. cFIZZA ISHAQ a620.112bPOP a POPOV, EGOR P. aEngineering Mechanics of Solids /cEGOR P. POPOV. a2ND ED. aNew Delhi:bPearson India,c2015. a864 P. ;c 7.99 x 10 x 1.85 inches